Países da Ásia por Fronteiras em 30 Segundos - Statistics

Estatísticas Gerais
  • Esse quiz foi jogado 721 vezes
  • A pontuação média é 34 de 48
Respostas no mapa
Respostas codificadas por cores de uma escala verde-vermelha no mapa do quiz de acordo com a % correta abaixo.
 
Estatísticas das Respostas
País % Correto
China
98%
Paquistão
98%
Birmânia
97%
Butão
97%
Índia
97%
Nepal
97%
Afeganistão
95%
Cazaquistão
95%
Mongólia
95%
Quirguistão
95%
Laos
92%
Arábia Saudita
91%
Coréia do Norte
91%
Iraque
91%
Tajiquistão
91%
Irã
90%
Vietname
89%
Omã
88%
Turquia
88%
Armênia
87%
Azerbaijão
87%
Emirados Árabes Unidos
87%
Iêmen
87%
Jordânia
85%
Turcomenistão
82%
Malásia
81%
Kuwait
80%
Catar
79%
Indonésia
77%
Síria
73%
Tailândia
71%
Japão
67%
Timor-Leste
63%
Camboja
62%
Israel
57%
Bangladesh
56%
Uzbequistão
53%
Geórgia
52%
Líbano
52%
Coréia do Sul
49%
Filipinas
40%
Chipre
28%
Brunei
27%
Sri Lanka
23%
Taiwan
23%
Maldivas
17%
Singapura
14%
Bahrein
9%
Nenhum quiz correspondente encontrado
Distribuição das Pontuações
Porcentagem de Pessoas com Cada Pontuação
Percentil de Números Respondidos
Sua Pontuação Histórica
Você não jogou esse quiz